000 00483nam a22001817a 4500
003 NUST - PNEC
005 20170116180819.0
008 150615b xxu||||| |||| 00| 0 eng d
020 _a-
040 _cLIBRARY
082 _a808.82516 SAI
100 _93972
_aSaid, Hakim Mohammad
245 _aVoice of morality
_cHakim Mohammad Said
260 _aKarachi:
_bHamdard Foundation Press,
_cc1985.
300 _a361 p. :
_c22 cm.
650 _93973
_aIslam
_xGeneral
942 _2ddc
_cBK
999 _c63663
_d63663